00894nam a2200217Ia 4500003000900000008004100009020001800050040001600068080001600084111007100100245024900171260003000420300001500450490007200465650001400537650001700551650002300568700003000591700002100621710003400642IN-BaIIA211028s9999 xx 000 0 eng d a1-4020-3436-9 cIIA Library a520.22bOPT aNATO Advanced Study Institute ConferencecFranced2002 Sept. 16-28 0aOptics in astrophysicsbproceedings of the NATO advanced study Institute conference on optics in astrophysics held in Cargese, France, 16-28 Sept 2002cedited by Renaud Foy and Francoise-Claude Foy  aDordrechtbSpringerc2005 axvi, 422p. aNATO science series: II. Mathematics, physics and chemistry; v. 198 aAstronomy aAstrophysics aOptical telescopes aFoy, Francoise-Claude ed. aFoy, Renaud, ed. aNATO advanced study Institute